[Event "Niteroi op 2nd"]
[Site "Niteroi"]
[Date "2022.09.04"]
[Round "6"]
[White "Silva, Kaua Marques"]
[Black "Araujo, Renan Aparecido"]
[Result "1-0"]
[WhiteElo "2199"]
[BlackElo "2031"]
[PlyCount "58"]
[EventDate "2022.09.01"]
[EventType "swiss"]
[EventRounds "9"]
[EventCountry "BRA"]
[SourceTitle "CBM 210 Extra"]
[Source "ChessBase"]
[SourceDate "2022.11.30"]
[SourceVersion "1"]
[SourceVersionDate "2022.11.30"]
[SourceQuality "1"]

1. e4 c5 2. Nf3 d6 3. d4 cxd4 4. Nxd4 Nf6 5. Nc3 g6 6. Be2 Bg7 7. 0-0 0-0 8. Re1 Nc6 9. Nb3 Bd7 10. Bf1 Na5 11. Nd5 Nxb3 12. axb3 Bc6 13. Bg5 e6 14. Nc3 h6 15. Bh4 g5 16. Bg3 d5 17. e5 Nd7 18. Qg4 Re8 19. Qh3 f5 20. exf6 Qxf6 21. Nb5 Qg6 22. Bd3 Qf7 23. Nd6 Qf6 24. Nxe8 Rxe8 25. b4 a6 26. Qh5 Rf8 27. c3 Qf7 28. Qg6 Nb6 29. Qxf7+ Kxf7 1-0

[Event "Florianopolis Winter op 6th"]
[Site "Florianopolis"]
[Date "2022.07.13"]
[Round "2"]
[White "Dauer, Andre Leonardo"]
[Black "Araujo, Renan Aparecido"]
[Result "1/2-1/2"]
[WhiteElo "1883"]
[BlackElo "2035"]
[PlyCount "36"]
[EventDate "2022.07.13"]
[EventType "swiss"]
[EventRounds "9"]
[EventCountry "BRA"]
[SourceTitle "CBM 209 Extra"]
[Source "ChessBase"]
[SourceDate "2022.09.30"]
[SourceVersion "1"]
[SourceVersionDate "2022.09.30"]
[SourceQuality "1"]

1. e4 c5 2. Nf3 d6 3. d4 cxd4 4. Nxd4 Nf6 5. Nc3 g6 6. Bg5 Bg7 7. Bb5+ Nbd7 8. Qe2 a6 9. Bxd7+ Bxd7 10. 0-0-0 0-0 11. e5 dxe5 12. Nf3 Qc7 13. Qxe5 Qxe5 14. Nxe5 Be6 15. f4 Rad8 16. Rhe1 Rfe8 17. Rxd8 Rxd8 18. Rd1 Rxd1+ 1/2-1/2

[Event "BRA-ch U2300 Amateurs"]
[Site "Sao Paulo"]
[Date "2022.06.16"]
[Round "2"]
[White "Caetano, Ryan Wesley da Cost"]
[Black "Araujo, Renan Aparecido"]
[Result "1/2-1/2"]
[WhiteElo "2189"]
[BlackElo "2030"]
[PlyCount "89"]
[EventDate "2022.06.16"]
[EventType "swiss"]
[EventRounds "7"]
[EventCountry "BRA"]
[SourceTitle "CBM 208 Extra"]
[Source "ChessBase"]
[SourceDate "2022.07.31"]
[SourceVersion "1"]
[SourceVersionDate "2022.07.31"]
[SourceQuality "1"]

1. d4 Nf6 2. c4 e6 3. Nc3 d5 4. cxd5 exd5 5. Bg5 c6 6. e3 Be7 7. Bd3 Be6 8. Nge2 Nbd7 9. Qc2 Nf8 10. h3 h6 11. Bh4 g5 12. Bg3 Rg8 13. f3 Ng6 14. 0-0-0 b5 15. Kb1 a5 16. e4 a4 17. exd5 Nxd5 18. Nxd5 Bxd5 19. Nc3 Qb6 20. Nxd5 cxd5 21. Rhe1 Kf8 22. Qc7 Qxc7 23. Bxc7 Rc8 24. Bh2 b4 25. Ba6 Rd8 26. Rc1 Bd6 27. Bxd6+ Rxd6 28. Bb5 a3 29. Re8+ Kg7 30. Rxg8+ Kxg8 31. Rc6 Rd8 32. Ra6 axb2 33. Kxb2 Nf4 34. Kb3 Ne6 35. Kxb4 Nxd4 36. a4 Ne6 37. Kc3 d4+ 38. Kd2 d3 39. Rc6 Nd4 40. Rc3 Rb8 41. Bxd3 Rb2+ 42. Bc2 Ra2 43. Rc4 Nxc2 44. Rxc2 Rxa4 45. Ke3 1/2-1/2

[Event "Osasco Carvalho Memorial"]
[Site "Osasco"]
[Date "2022.02.19"]
[Round "4"]
[White "Silva, Caio Henrique Angel"]
[Black "Araujo, Renan Aparecido"]
[Result "1-0"]
[WhiteElo "1797"]
[BlackElo "1986"]
[PlyCount "127"]
[EventDate "2022.02.18"]
[EventType "swiss"]
[EventRounds "6"]
[EventCountry "BRA"]
[SourceTitle "CBM 207 Extra"]
[Source "ChessBase"]
[SourceDate "2022.05.31"]
[SourceVersion "1"]
[SourceVersionDate "2022.05.31"]
[SourceQuality "1"]

1. d4 Nf6 2. Nf3 g6 3. g3 Bg7 4. Bg2 0-0 5. 0-0 d6 6. c4 Nc6 7. Nc3 a6 8. e4 Bg4 9. Be3 Nd7 10. Qd2 Bxf3 11. Bxf3 e5 12. d5 Nd4 13. Bg2 c5 14. dxc6 bxc6 15. b4 Rb8 16. Rab1 Qf6 17. Rfc1 Nb6 18. Qd3 Qe6 19. c5 dxc5 20. bxc5 Qc4 21. Qd1 Nd7 22. Rxb8 Nxb8 23. Bf1 Qxc5 24. Na4 Qa3 25. Rc3 Qd6 26. Bc1 Rd8 27. Nc5 Qf6 28. Bc4 Bf8 29. Nb3 a5 30. Nxd4 Rxd4 31. Qe2 Qd8 32. Be3 Rd1+ 33. Kg2 Bb4 34. Qf3 Rd7 35. Rd3 Kg7 36. Qxf7+ Rxf7 37. Rxd8 Rf8 38. Rd3 Rf6 39. Ba7 Rf8 40. f4 Kf6 41. Rf3 Nd7 42. f5 g5 43. Rd3 Ke7 44. Be3 h6 45. a3 Bd6 46. Be6 Nc5 47. Bxc5 Bxc5 48. Rd7+ Ke8 49. a4 Bb4 50. Rc7 c5 51. Kf3 Kd8 52. Rd7+ Ke8 53. Rc7 Kd8 54. Rh7 Rf6 55. Kg4 Ba3 56. Kh5 c4 57. Rxh6 Rxh6+ 58. Kxh6 c3 59. Bb3 Bc1 60. Kg7 Ba3 61. h4 gxh4 62. gxh4 Ke8 63. h5 Bf8+ 64. Kg6 1-0

[Event "Florianopolis op 8th"]
[Site "Florianopolis"]
[Date "2022.01.28"]
[Round "7"]
[White "Araujo, Renan Aparecido"]
[Black "Librelato, Kathie Goulart"]
[Result "1/2-1/2"]
[WhiteElo "1986"]
[BlackElo "2175"]
[PlyCount "79"]
[EventDate "2022.01.24"]
[EventType "swiss"]
[EventRounds "10"]
[EventCountry "BRA"]
[SourceTitle "EXT 2023"]
[Source "ChessBase"]
[SourceDate "2022.10.05"]
[SourceVersion "1"]
[SourceVersionDate "2022.10.05"]
[SourceQuality "1"]

1. e4 e5 2. Nf3 Nc6 3. d4 exd4 4. Bc4 Nf6 5. e5 d5 6. Bb5 Nd7 7. 0-0 Be7 8. Bxc6 bxc6 9. Nxd4 Nb8 10. Nc3 c5 11. Ndb5 d4 12. Nd5 Na6 13. Nxe7 Qxe7 14. f4 0-0 15. c3 Bb7 16. cxd4 Rad8 17. Qg4 f5 18. Qe2 cxd4 19. b3 d3 20. Qf2 Qb4 21. a4 Qxb3 22. Ba3 Rfe8 23. Qxa7 Qd5 24. Qf2 Re6 25. Qa2 Qd7 26. Bb2 Kh8 27. Nd4 Rg6 28. Rf2 Nb4 29. Qc4 Rb6 30. e6 Qd5 31. Qxd5 Nxd5 32. Nxf5 Kg8 33. Nxg7 Ba6 34. Bd4 c5 35. e7 Nxe7 36. Bxc5 Rb7 37. Ne6 Rc8 38. f5 Bc4 39. Bxe7 Rxe7 40. Rd2 1/2-1/2

[Event "Florianopolis op 6th"]
[Site "Florianopolis"]
[Date "2020.01.24"]
[Round "7"]
[White "Zallio, Luciano de Souza"]
[Black "Araujo, Renan Aparecido"]
[Result "0-1"]
[WhiteElo "2245"]
[BlackElo "1903"]
[PlyCount "86"]
[EventDate "2020.01.20"]
[EventType "swiss"]
[EventRounds "10"]
[EventCountry "BRA"]
[SourceTitle "CBM 194 Extra"]
[Source "ChessBase"]
[SourceDate "2020.03.31"]
[SourceVersion "1"]
[SourceVersionDate "2020.03.31"]
[SourceQuality "1"]

1. d4 d5 2. Nf3 e6 3. e3 Nf6 4. Be2 c5 5. 0-0 Nc6 6. b3 cxd4 7. exd4 Bd6 8. Bb2 0-0 9. Re1 Ne4 10. Nbd2 f5 11. c4 Qf6 12. Rc1 g5 13. Bd3 g4 14. Ne5 Nxe5 15. dxe5 Bxe5 16. Bxe5 Qxe5 17. Nxe4 dxe4 18. Bf1 b6 19. Qd2 Bb7 20. Red1 f4 21. Qd6 Qf6 22. Qc7 Rf7 23. Rd7 Rxd7 24. Qxd7 Qf7 25. Rd1 Rf8 26. b4 Qxd7 27. Rxd7 Rf7 28. Rd6 Re7 29. Be2 h5 30. Bd1 Kf7 31. h3 f3 32. Kh2 Kf6 33. Bb3 fxg2 34. hxg4 hxg4 35. Kxg2 e3+ 36. Kf1 Ke5 37. Rd3 exf2 38. Kxf2 Rf7+ 39. Ke2 Bf3+ 40. Ke3 Be4 41. Rd8 g3 42. Rg8 Rf3+ 43. Ke2 Rf2+ 0-1

[Event "Florianopolis op 6th"]
[Site "Florianopolis"]
[Date "2020.01.23"]
[Round "6"]
[White "Araujo, Renan Aparecido"]
[Black "Gomes, Carlos"]
[Result "1-0"]
[WhiteElo "1903"]
[BlackElo "1576"]
[PlyCount "45"]
[EventDate "2020.01.20"]
[EventType "swiss"]
[EventRounds "10"]
[EventCountry "BRA"]
[SourceTitle "CBM 194 Extra"]
[Source "ChessBase"]
[SourceDate "2020.03.31"]
[SourceVersion "1"]
[SourceVersionDate "2020.03.31"]
[SourceQuality "1"]

1. e4 c5 2. Nc3 d6 3. d4 cxd4 4. Qxd4 a6 5. b3 Nc6 6. Qd2 Nf6 7. Bb2 g6 8. 0-0-0 Bg7 9. Nd5 Nh5 10. Bxg7 Nxg7 11. Qh6 Kf8 12. h4 Kg8 13. Be2 f6 14. h5 g5 15. f4 Ne6 16. e5 fxe5 17. Bg4 Ng7 18. Qxg5 h6 19. Qh4 Bf5 20. Bxf5 Nxf5 21. Nxe7+ Kf7 22. Nxf5 Qxh4 23. Rxh4 1-0